[Event "AUT-ch Vor4 Internet"]
[Site "Playchess.com INT"]
[Date "2020.04.25"]
[Round "7"]
[White "Astner, Klaus"]
[Black "Gallob, Marko"]
[Result "0-1"]
[WhiteElo "1409"]
[BlackElo "1961"]
[PlyCount "88"]
[EventDate "2020.04.25"]
[EventType "swiss (blitz)"]
[EventRounds "9"]
[EventCountry "AUT"]
[SourceTitle "EXT 2021"]
[Source "ChessBase"]
[SourceDate "2020.10.23"]
[SourceVersion "1"]
[SourceVersionDate "2020.10.23"]
[SourceQuality "1"]

1. d4 f5 2. c4 g6 3. Nc3 Bg7 4. f4 d6 5. Nf3 Nf6 6. e3 c6 7. Bd2 0-0 8. Be2 Kh8 9. 0-0 Be6 10. h3 Na6 11. d5 cxd5 12. cxd5 Bg8 13. Qb3 b6 14. Bxa6 Re8 15. Bb5 Rf8 16. Bc6 Rc8 17. Nb5 a6 18. Nbd4 Ne4 19. Qc2 e5 20. fxe5 dxe5 21. Ne6 Bxe6 22. dxe6 Qd6 23. Rac1 Rfd8 24. Qa4 Nxd2 25. Nxd2 Bf6 26. Rfd1 Qd3 27. Kf2 f4 28. Rc3 Bh4+ 29. Kg1 Qe2 30. Rc2 Qf2+ 31. Kh1 Qe2 32. exf4 Qxd1+ 33. Kh2 exf4 34. Qxf4 Be7 35. Qe5+ Kg8 36. Rc3 Bd6 37. Qxd6 Rxd6 38. e7 Rdxc6 39. Rxc6 Re8 40. Re6 Qxd2 41. a3 Qd5 42. Re2 Qd6+ 43. Kh1 Qd1+ 44. Kh2 Qxe2 0-1

[Event "AUT-ch Vor4 Internet"]
[Site "Playchess.com INT"]
[Date "2020.04.25"]
[Round "5"]
[White "Astner, Klaus"]
[Black "Mittelbach, Eduard"]
[Result "1-0"]
[WhiteElo "1409"]
[BlackElo "1667"]
[PlyCount "27"]
[EventDate "2020.04.25"]
[EventType "swiss (blitz)"]
[EventRounds "9"]
[EventCountry "AUT"]
[SourceTitle "EXT 2021"]
[Source "ChessBase"]
[SourceDate "2020.10.23"]
[SourceVersion "1"]
[SourceVersionDate "2020.10.23"]
[SourceQuality "1"]

1. d4 Nf6 2. c4 e5 3. dxe5 Ng4 4. Nc3 Nxe5 5. e3 Nbc6 6. Be2 Bc5 7. Nf3 0-0 8. 0-0 Re8 9. b3 d6 10. Bb2 Nxf3+ 11. Bxf3 Ne5 12. Nd5 Nxf3+ 13. Qxf3 c6 14. Qg3 1-0

[Event "AUT-ch Vor3 Internet"]
[Site "Playchess.com INT"]
[Date "2020.04.17"]
[Round "3"]
[White "Astner, Klaus"]
[Black "Steirer, Gerhard"]
[Result "0-1"]
[WhiteElo "1409"]
[BlackElo "1854"]
[PlyCount "68"]
[EventDate "2020.04.17"]
[EventType "swiss (blitz)"]
[EventRounds "9"]
[EventCountry "AUT"]
[SourceTitle "CBM 195 Extra"]
[Source "ChessBase"]
[SourceDate "2020.05.31"]
[SourceVersion "1"]
[SourceVersionDate "2020.05.31"]
[SourceQuality "1"]

1. d4 f5 2. c4 Nf6 3. Nc3 e6 4. Nf3 d5 5. Bg5 c6 6. e3 Bd6 7. c5 Bc7 8. a4 0-0 9. Be2 Nbd7 10. 0-0 Qe8 11. b4 Ne4 12. Nxe4 fxe4 13. Ne5 Nxe5 14. dxe5 Bxe5 15. Bh4 Bxa1 16. Qxa1 Qg6 17. b5 Bd7 18. bxc6 Bxc6 19. a5 a6 20. Qd1 Rae8 21. Bh5 Qf5 22. Bg4 Qf7 23. Bh5 g6 24. Bg4 Bd7 25. f4 e5 26. Bxd7 Qxd7 27. fxe5 Rxe5 28. Bf6 Rf5 29. Rxf5 Qxf5 30. Bh4 g5 31. Bg3 Kg7 32. Bd6 Qf2+ 33. Kh1 Qf1+ 34. Qxf1 Rxf1# 0-1

[Event "AUT-ch Vor2 Internet"]
[Site "Playchess.com INT"]
[Date "2020.04.13"]
[Round "4"]
[White "Astner, Klaus"]
[Black "Rampler, Evelyn"]
[Result "0-1"]
[WhiteElo "1409"]
[BlackElo "1806"]
[PlyCount "90"]
[EventDate "2020.04.13"]
[EventType "swiss (blitz)"]
[EventRounds "9"]
[EventCountry "AUT"]
[SourceTitle "CBM 195 Extra"]
[Source "ChessBase"]
[SourceDate "2020.05.31"]
[SourceVersion "1"]
[SourceVersionDate "2020.05.31"]
[SourceQuality "1"]

1. d4 d5 2. c4 e6 3. Nc3 Nf6 4. Nf3 dxc4 5. Bg5 Be7 6. e3 0-0 7. Bxc4 Nbd7 8. 0-0 Nb6 9. Be2 Nbd5 10. Nxd5 exd5 11. a3 c6 12. b4 a6 13. Re1 Bf5 14. Bd3 Bxd3 15. Qxd3 h6 16. Bxf6 Bxf6 17. Rab1 Qd7 18. h3 Rfc8 19. a4 a5 20. b5 c5 21. dxc5 Rxc5 22. Rec1 Rac8 23. Rxc5 Rxc5 24. Kf1 Rc4 25. Qd1 b6 26. Nd2 Rc3 27. Rc1 Qc7 28. Rxc3 Qxc3 29. Nf3 Qc4+ 30. Kg1 Bc3 31. Nh4 Qxh4 32. Qxd5 Bf6 33. Qc6 Qxa4 34. Qxb6 Qa1+ 35. Kh2 Be5+ 36. g3 a4 37. Qd8+ Kh7 38. Qd3+ g6 39. Qd7 Kg7 40. b6 Qb2 41. b7 Qxf2+ 42. Kh1 Bxg3 43. Qd4+ Qf6 44. Qxf6+ Kxf6 45. Kg2 Bc7 0-1

[Event "AUT-ch Vor2 Internet"]
[Site "Playchess.com INT"]
[Date "2020.04.13"]
[Round "9"]
[White "Buchner, Martin"]
[Black "Astner, Klaus"]
[Result "0-1"]
[WhiteElo "1777"]
[BlackElo "1409"]
[PlyCount "96"]
[EventDate "2020.04.13"]
[EventType "swiss (blitz)"]
[EventRounds "9"]
[EventCountry "AUT"]
[SourceTitle "CBM 195 Extra"]
[Source "ChessBase"]
[SourceDate "2020.05.31"]
[SourceVersion "1"]
[SourceVersionDate "2020.05.31"]
[SourceQuality "1"]

1. d4 c6 2. Nf3 e6 3. e3 Nf6 4. Bd3 d5 5. Nbd2 c5 6. 0-0 cxd4 7. exd4 g6 8. c3 Bg7 9. Re1 0-0 10. Ne5 Nc6 11. f4 Nd7 12. Ndf3 Ndxe5 13. fxe5 b6 14. Rf1 a5 15. h3 Ba6 16. Qe2 Bxd3 17. Qxd3 Rb8 18. Nh2 b5 19. a3 b4 20. Ng4 bxc3 21. Qxc3 Rc8 22. Qe3 Ne7 23. Nf6+ Kh8 24. Qg3 Nf5 25. Qg4 Bxf6 26. exf6 Qxf6 27. Bg5 Qxd4+ 28. Qxd4+ Nxd4 29. Bf6+ Kg8 30. Bxd4 Rc4 31. Bc3 a4 32. Rad1 Rfc8 33. Rd4 Rxd4 34. Bxd4 Rc4 35. Bc3 f5 36. Rd1 Kf7 37. Rd4 Rxd4 38. Bxd4 Ke7 39. Kf2 Kd6 40. Ke3 e5 41. Bc3 d4+ 42. Kd3 dxc3 43. Kxc3 Kd5 44. Kd3 Kc5 45. g3 e4+ 46. Ke3 Kc4 47. Kf4 Kb3 48. Ke3 Kxb2 0-1

[Event "AUT-ch Vor2 Internet"]
[Site "Playchess.com INT"]
[Date "2020.04.13"]
[Round "5"]
[White "Pasteiner, Gernot"]
[Black "Astner, Klaus"]
[Result "1-0"]
[WhiteElo "1632"]
[BlackElo "1409"]
[PlyCount "69"]
[EventDate "2020.04.13"]
[EventType "swiss (blitz)"]
[EventRounds "9"]
[EventCountry "AUT"]
[SourceTitle "CBM 195 Extra"]
[Source "ChessBase"]
[SourceDate "2020.05.31"]
[SourceVersion "1"]
[SourceVersionDate "2020.05.31"]
[SourceQuality "1"]

1. e4 c6 2. c4 d5 3. exd5 cxd5 4. cxd5 Nf6 5. d4 Nxd5 6. Bb5+ Nc6 7. Qa4 Qc7 8. Nf3 Bd7 9. 0-0 g6 10. Nc3 Nxc3 11. bxc3 Bg7 12. Re1 e6 13. d5 a6 14. dxc6 bxc6 15. Nd4 cxb5 16. Qb3 0-0 17. Bg5 h6 18. Bh4 a5 19. Bg3 Qb6 20. Qc2 Bxd4 21. cxd4 Rad8 22. Rab1 b4 23. a3 Qxd4 24. axb4 axb4 25. Be5 Qb6 26. Qb2 Rb8 27. Bh8 f6 28. Bxf6 Rxf6 29. Qxf6 Rf8 30. Qxg6+ Kh8 31. Qxh6+ Kg8 32. Qg6+ Kh8 33. Re3 e5 34. Rd1 Bf5 35. Qxb6 1-0

[Event "AUT-ch Vor1 Internet"]
[Site "Playchess.com INT"]
[Date "2020.04.11"]
[Round "5"]
[White "Astner, Klaus"]
[Black "Gallob, Marko"]
[Result "0-1"]
[WhiteElo "1409"]
[BlackElo "1961"]
[PlyCount "124"]
[EventDate "2020.04.11"]
[EventType "swiss (blitz)"]
[EventRounds "9"]
[EventCountry "AUT"]
[SourceTitle "CBM 195 Extra"]
[Source "ChessBase"]
[SourceDate "2020.05.31"]
[SourceVersion "1"]
[SourceVersionDate "2020.05.31"]
[SourceQuality "1"]

1. d4 f5 2. c4 Nf6 3. Nc3 g6 4. Bg5 Bg7 5. Nf3 0-0 6. e3 d6 7. Be2 c5 8. d5 e6 9. dxe6 Bxe6 10. Rb1 Nc6 11. a3 Ne5 12. 0-0 Qc7 13. Nb5 Qb6 14. Qxd6 Nxf3+ 15. Bxf3 Rab8 16. Qxb6 axb6 17. Nd6 Nd7 18. b3 Ne5 19. Bxb7 h6 20. Be7 Rfe8 21. Nxe8 Rxb7 22. Bd6 Bh8 23. Bxe5 Bxe5 24. f4 Bb8 25. Nf6+ Kf7 26. Nh7 Kg7 27. Ng5 hxg5 28. fxg5 Ra7 29. a4 Be5 30. g3 Bc8 31. Kf2 Bb7 32. Rfd1 Be4 33. Rbc1 Bb2 34. Rb1 Bxb1 35. Rxb1 Be5 36. Rd1 Kf7 37. Kf3 Ke7 38. h4 Rd7 39. Rxd7+ Kxd7 40. e4 Ke6 41. exf5+ Kxf5 42. g4+ Ke6 43. Ke4 Bg3 44. h5 Kf7 45. h6 Be1 46. Ke5 Bd2 47. h7 Kg7 48. h8Q+ Kxh8 49. Kf6 Kh7 50. Ke6 Bxg5 51. Kd6 Bd2 52. Kc6 Ba5 53. Kb5 Kg7 54. Kc6 Kf6 55. Kd5 Kg5 56. Ke4 Kxg4 57. Ke3 Kg3 58. Kd3 g5 59. Kc2 g4 60. Kd3 Kf2 61. Ke4 g3 62. Kf4 g2 0-1

[Event "AUT-ch Vor1 Internet"]
[Site "Playchess.com INT"]
[Date "2020.04.11"]
[Round "6"]
[White "Kubik, Gerhard"]
[Black "Astner, Klaus"]
[Result "1-0"]
[WhiteElo "1985"]
[BlackElo "1409"]
[PlyCount "79"]
[EventDate "2020.04.11"]
[EventType "swiss (blitz)"]
[EventRounds "9"]
[EventCountry "AUT"]
[SourceTitle "CBM 195 Extra"]
[Source "ChessBase"]
[SourceDate "2020.05.31"]
[SourceVersion "1"]
[SourceVersionDate "2020.05.31"]
[SourceQuality "1"]

1. d4 e6 2. e4 Nf6 3. Nc3 Bb4 4. e5 Nd5 5. Qg4 Nxc3 6. Qxg7 Rf8 7. a3 Ba5 8. b4 Bb6 9. Bh6 Qe7 10. Qxh7 Bxd4 11. Bxf8 Qxf8 12. Nf3 Nb5 13. Nxd4 Nxd4 14. 0-0-0 Nb5 15. Kb2 a5 16. Bxb5 axb4 17. Ra1 bxa3+ 18. Ka2 Qb4 19. Qg8+ Ke7 20. Rhb1 Qc5 21. Qg5+ Kf8 22. Qd2 c6 23. Bd3 Qd5+ 24. c4 Qxe5 25. Re1 Qf6 26. Bc2 Na6 27. Bb3 Nc5 28. Qd6+ Kg8 29. Re2 Nxb3 30. Kxb3 Qxa1 31. Qg3+ Kf8 32. Qh4 Qd1+ 33. Rc2 a2 34. Qd8+ Kg7 35. Qg5+ Kh7 36. Qh4+ Kg6 37. Qg3+ Kf5 38. Qh3+ Ke5 39. Qg3+ Kd4 40. Qe3# 1-0